Online
Catalog

Pancho Villa que es su padre / (Record no. 17758)

MARC details
000 -CABECERA
campo de control de longitud fija 00751cam a2200241 a 4500
001 - NÚMERO DE CONTROL
campo de control 000018237
005 - FECHA Y HORA DE LA ÚLTIMA TRANSACCIÓN
campo de control 20200929165420.0
008 - DATOS DE LONGITUD FIJA--INFORMACIÓN GENERAL
campo de control de longitud fija 720114s1969 mx 000 f spa d
035 ## - NÚMERO DE CONTROL DEL SISTEMA
Número de control de sistema (DLC) 72403802
035 ## - NÚMERO DE CONTROL DEL SISTEMA
Número de control de sistema (OCoLC)220531
040 ## - FUENTE DE LA CATALOGACIÓN
Centro catalogador/agencia de origen DO-SdBNP
Lengua de catalogación spa
Centro/agencia transcriptor OAU
Centro/agencia modificador OCoLC
-- DLC
-- BNPHU
082 ## - NÚMERO DE LA CLASIFICACIÓN DECIMAL DEWEY
Número de clasificación M863.4
Número de documento/Ítem B641p, 1969
049 ## - FONDOS LOCALES (OCLC)
Fondos de biblioteca BNGR
100 1# - ENTRADA PRINCIPAL--NOMBRE DE PERSONA
Nombre de persona Blanco Moheno, Roberto,
Fechas asociadas al nombre 1920-2001.
9 (RLIN) 39494
245 10 - MENCIÓN DE TÍTULO
Título Pancho Villa que es su padre /
Mención de responsabilidad, etc. Roberto Blanco Moheno.
250 ## - MENCIÓN DE EDICIÓN
Mención de edición 3a ed.
260 ## - PUBLICACIÓN, DISTRIBUCIÓN, ETC.
Lugar de publicación, distribución, etc. México :
Nombre del editor, distribuidor, etc. Diana,
Fecha de publicación, distribución, etc. 1969.
300 ## - DESCRIPCIÓN FÍSICA
Extensión 247 p. . :
Otras características físicas il. ;
Dimensiones 22 cm.
600 10 - PUNTO DE ACCESO ADICIONAL DE MATERIA--NOMBRE DE PERSONA
Nombre de persona VILLA, PANCHO,
Fechas asociadas al nombre 1878-1923
9 (RLIN) 39495
650 #4 - PUNTO DE ACCESO ADICIONAL DE MATERIA--TÉRMINO DE MATERIA
Término de materia o nombre geográfico como elemento de entrada Novela mexicana
9 (RLIN) 3959
650 #4 - PUNTO DE ACCESO ADICIONAL DE MATERIA--TÉRMINO DE MATERIA
Término de materia o nombre geográfico como elemento de entrada Literatura mexicana
Subdivisión cronológica SIGLO XX
9 (RLIN) 9216
910 ## - DATOS DE OPCIÓN DEL USUARIO (OCLC)
Datos de opción del usuario Catalogación por copia / LC
Holdings
Estado de retiro Estado de pérdida Restricciones de uso No para préstamo Código de colección Localización permanente Ubicación/localización actual Ubicación en estantería Fecha de adquisición Número de inventario Total de préstamos Signatura topográfica completa Código de barras Fecha visto por última vez Precio válido a partir de Tipo de ítem Koha
        Monografías: Libros y Folletos General General En catalogación 21.04.2010 LF1   M863.4 B641p, 1969 18237-10 25.06.2020 25.06.2020 Préstamo en sala

Powered by Koha